|
|
|
|
| LEADER |
00000nam0a2200000 4500 |
| 001 |
284240 |
| 005 |
20231101235657.0 |
| 020 |
|
|
|a RU
|b 85-32628
|
| 035 |
|
|
|a (RuTPU)RU\TPU\book\308381
|
| 090 |
|
|
|a 284240
|
| 100 |
|
|
|a 20150212d1985 km y0rusy5003 ca
|
| 101 |
0 |
|
|a rus
|
| 102 |
|
|
|a RU
|
| 105 |
|
|
|a y z 101zy
|
| 200 |
1 |
|
|a Исторический подвиг Сталинграда
|e материалы конференции, Волгоград, ноябрь 1982 г.
|f Институт военной истории
|
| 210 |
|
|
|a Москва
|c Мысль
|d 1985
|
| 215 |
|
|
|a 415 с.
|
| 320 |
|
|
|a Библиография в ссылках.
|
| 606 |
1 |
|
|a Сталинградская битва 1942-1943
|2 stltpush
|3 (RuTPU)RU\TPU\subj\66756
|9 82790
|
| 610 |
1 |
|
|a Великая Отечественная война 1941-1945
|
| 610 |
1 |
|
|a военные операции
|
| 610 |
1 |
|
|a советский народ
|
| 610 |
1 |
|
|a КПСС
|
| 610 |
1 |
|
|a вооруженные силы
|
| 610 |
1 |
|
|a партийные организации
|
| 610 |
1 |
|
|a комсомольские организации
|
| 610 |
1 |
|
|a идеологическая работа
|
| 610 |
1 |
|
|a военная печать
|
| 610 |
1 |
|
|a тыл
|
| 610 |
1 |
|
|a трудовой вклад
|
| 610 |
1 |
|
|a Сталинград
|
| 610 |
1 |
|
|a конференции
|
| 686 |
|
|
|a Т3(2)622,12(2Рос-4Волг)л0
|2 rubbk
|
| 712 |
0 |
2 |
|a Институт военной истории
|c (Москва)
|2 stltpush
|3 (RuTPU)RU\TPU\col\9003
|9 24644
|
| 712 |
1 |
2 |
|a Исторический подвиг Сталинграда
|c конференции
|e Волгоград
|f 1982
|4 570
|
| 801 |
|
0 |
|a RU
|b RuMRKP
|c 19950704
|g psbo
|
| 801 |
|
1 |
|a RU
|b 63413507
|c 20150212
|
| 801 |
|
2 |
|a RU
|b 63413507
|c 20170215
|g RCR
|
| 942 |
|
|
|c BK
|